<?xml version="1.0" encoding="UTF-8"?>
<record
    xmlns:xsi="http://www.w3.org/2001/XMLSchema-instance"
    xsi:schemaLocation="http://www.loc.gov/MARC21/slim http://www.loc.gov/standards/marcxml/schema/MARC21slim.xsd"
    xmlns="http://www.loc.gov/MARC21/slim">

  <leader>00522nam a22001697a 4500</leader>
  <datafield tag="952" ind1=" " ind2=" ">
    <subfield code="0">0</subfield>
    <subfield code="1">0</subfield>
    <subfield code="2">ddc</subfield>
    <subfield code="4">0</subfield>
    <subfield code="7">0</subfield>
    <subfield code="8">CIVIL</subfield>
    <subfield code="a">MES</subfield>
    <subfield code="b">MES</subfield>
    <subfield code="c">CAREER CORNER</subfield>
    <subfield code="d">2019-10-16</subfield>
    <subfield code="l">0</subfield>
    <subfield code="o">500 VAS/P</subfield>
    <subfield code="p">40654</subfield>
    <subfield code="r">2019-10-16 00:00:00</subfield>
    <subfield code="w">2019-10-16</subfield>
    <subfield code="y">REF</subfield>
    <subfield code="z">U7R3</subfield>
  </datafield>
  <datafield tag="999" ind1=" " ind2=" ">
    <subfield code="c">40631</subfield>
    <subfield code="d">40631</subfield>
  </datafield>
  <controlfield tag="003">OSt</controlfield>
  <controlfield tag="005">20210122140354.0</controlfield>
  <controlfield tag="008">191016b           ||||| |||| 00| 0 eng d</controlfield>
  <datafield tag="020" ind1=" " ind2=" ">
    <subfield code="a">9781259001253</subfield>
  </datafield>
  <datafield tag="040" ind1=" " ind2=" ">
    <subfield code="c">oclc</subfield>
  </datafield>
  <datafield tag="082" ind1=" " ind2=" ">
    <subfield code="a">500</subfield>
    <subfield code="b">VAS/P</subfield>
  </datafield>
  <datafield tag="100" ind1=" " ind2=" ">
    <subfield code="a">Vashist, Ashish Kumar</subfield>
    <subfield code="9">8373</subfield>
  </datafield>
  <datafield tag="245" ind1=" " ind2=" ">
    <subfield code="a">1000 Plus Questions on General Science /</subfield>
    <subfield code="c">Ashish Kumar Vashist ; Ramesh Singh</subfield>
  </datafield>
  <datafield tag="260" ind1=" " ind2=" ">
    <subfield code="a">New Delhi:</subfield>
    <subfield code="b">McGraw Hill,</subfield>
    <subfield code="c">2015.</subfield>
  </datafield>
  <datafield tag="700" ind1="1" ind2=" ">
    <subfield code="a">Singh,Ramesh</subfield>
  </datafield>
  <datafield tag="942" ind1=" " ind2=" ">
    <subfield code="2">ddc</subfield>
    <subfield code="c">REF</subfield>
    <subfield code="h">500</subfield>
    <subfield code="i">VAS/P</subfield>
    <subfield code="k">500</subfield>
    <subfield code="m">VAS/P</subfield>
  </datafield>
</record>
